[Event "Cutro op 08th"]
[Site "Cutro"]
[Date "2002.05.01"]
[Round "9"]
[White "Calzetta Ruiz, Monica"]
[Black "Pegorari, Pietro"]
[Result "1/2-1/2"]
[WhiteElo "2278"]
[BlackElo "2386"]
[PlyCount "26"]
[EventDate "2002.04.24"]
[EventType "swiss"]
[EventRounds "9"]
[EventCountry "ITA"]
[SourceTitle "CBM 088 Extra"]
[Source "ChessBase"]
[SourceDate "2002.07.01"]
[SourceVersion "2"]
[SourceVersionDate "2002.07.01"]
[SourceQuality "1"]

1. e4 e5 2. Nf3 Nc6 3. d4 exd4 4. Nxd4 Nf6 5. Nxc6 bxc6 6. e5 Qe7 7. Qe2 Nd5 8. c4 Ba6 9. b3 g5 10. g3 Bg7 11. Bb2 0-0-0 12. Bg2 Rde8 13. 0-0 Kb8 1/2-1/2

[Event "Cutro op 08th"]
[Site "Cutro"]
[Date "2002.04.25"]
[Round "3"]
[White "Aleksic, Nenad"]
[Black "Pegorari, Pietro"]
[Result "1/2-1/2"]
[WhiteElo "2381"]
[BlackElo "2386"]
[PlyCount "20"]
[EventDate "2002.04.24"]
[EventType "swiss"]
[EventRounds "9"]
[EventCountry "ITA"]
[SourceTitle "CBM 088 Extra"]
[Source "ChessBase"]
[SourceDate "2002.07.01"]
[SourceVersion "2"]
[SourceVersionDate "2002.07.01"]
[SourceQuality "1"]

1. d4 d5 2. Nc3 Nf6 3. Bg5 Nbd7 4. e3 c6 5. Bd3 Ne4 6. Bxe4 dxe4 7. Qd2 f5 8. f3 exf3 9. Nxf3 Qa5 10. 0-0 Nf6 1/2-1/2

[Event "Cutro 07th"]
[Site "Cutro"]
[Date "2001.04.30"]
[Round "9"]
[White "Pegorari, Pietro"]
[Black "Borgo, Giulio"]
[Result "0-1"]
[WhiteElo "2380"]
[BlackElo "2408"]
[PlyCount "60"]
[EventDate "2001.04.22"]
[EventType "tourn"]
[EventRounds "10"]
[EventCountry "ITA"]
[EventCategory "9"]
[SourceTitle "CBM 083"]
[Source "ChessBase"]
[SourceDate "2001.07.05"]
[SourceVersion "1"]
[SourceVersionDate "2001.07.05"]
[SourceQuality "1"]

1. Nf3 d5 2. g3 g6 3. Bg2 Bg7 4. 0-0 Nc6 5. d3 Nf6 6. Nbd2 d4 7. Nc4 Nd5 8. Bd2 0-0 9. Qc1 Re8 10. Bg5 Be6 11. a4 Qd7 12. Re1 Nb6 13. Nxb6 axb6 14. Qd2 Bd5 15. Bh6 Bh8 16. h4 e5 17. Ng5 Bxg2 18. Kxg2 Ne7 19. Ne4 f5 20. Ng5 f4 21. Ne4 Nf5 22. Bg5 Qc6 23. g4 h6 24. Kh2 Kh7 25. gxf5 gxf5 26. Bxf4 exf4 27. Rg1 fxe4 28. Rg4 e3 29. Qb4 f3 30. Qb3 Qe6 0-1

[Event "Cutro 07th"]
[Site "Cutro"]
[Date "2001.04.02"]
[Round "11"]
[White "Pegorari, Pietro"]
[Black "Chatalbashev, Boris"]
[Result "1/2-1/2"]
[WhiteElo "2380"]
[BlackElo "2518"]
[PlyCount "57"]
[EventDate "2001.04.22"]
[EventType "tourn"]
[EventRounds "10"]
[EventCountry "ITA"]
[EventCategory "9"]
[SourceTitle "CBM 083"]
[Source "ChessBase"]
[SourceDate "2001.07.05"]
[SourceVersion "1"]
[SourceVersionDate "2001.07.05"]
[SourceQuality "1"]

1. Nf3 d5 2. g3 c6 3. Bg2 Bg4 4. Ne5 Bh5 5. d4 Nf6 6. Nd2 Nbd7 7. Nxd7 Qxd7 8. Nf3 Bxf3 9. exf3 e6 10. Be3 Be7 11. 0-0 0-0 12. c3 a5 13. Qd2 Rfc8 14. Rae1 Ne8 15. Bg5 Nd6 16. Bxe7 Qxe7 17. f4 g6 18. Qe2 a4 19. Kh1 Re8 20. Qd3 Qf6 21. Re2 Qf5 22. Qd1 Qf6 23. Rfe1 b5 24. a3 Kg7 25. Rc2 h5 26. h4 Nc4 27. Bf1 Nd6 28. Bd3 Nf5 29. Qf3 1/2-1/2

[Event "Cutro 06th"]
[Site "Cutro"]
[Date "2000.05.06"]
[Round "10"]
[White "Pegorari, Pietro"]
[Black "Ortega, Lexy"]
[Result "0-1"]
[WhiteElo "2366"]
[BlackElo "2479"]
[PlyCount "82"]
[EventDate "2000.04.27"]
[EventType "tourn"]
[EventRounds "9"]
[EventCountry "ITA"]
[EventCategory "9"]
[SourceTitle "CBM 077"]
[Source "ChessBase"]
[SourceDate "2000.07.27"]
[SourceVersion "1"]
[SourceVersionDate "2000.07.27"]
[SourceQuality "1"]

1. c4 e6 2. Nc3 d5 3. d4 c6 4. e3 Nf6 5. Nf3 Nbd7 6. Qc2 Bd6 7. Bd3 0-0 8. 0-0 dxc4 9. Bxc4 e5 10. dxe5 Nxe5 11. Nxe5 Bxe5 12. f4 Bxc3 13. Qxc3 Qe7 14. Qc2 Be6 15. Bd3 Bd5 16. Bd2 Rad8 17. Rae1 Be4 18. Bxe4 Qxe4 19. Qc1 Qd5 20. Bb4 Rfe8 21. Rd1 Qe4 22. Rxd8 Rxd8 23. Bc3 Ng4 24. Bd4 Rxd4 25. exd4 Qxd4+ 26. Kh1 Nf2+ 27. Rxf2 Qxf2 28. Qd1 g6 29. Qc1 c5 30. h3 b5 31. g4 c4 32. g5 Qf3+ 33. Kh2 Qe2+ 34. Kg3 b4 35. a3 Qd3+ 36. Kg4 c3 37. bxc3 bxc3 38. Qe1 Qf5+ 39. Kg3 Qc8 40. h4 c2 41. Qc1 Qc3+ 0-1

[Event "Cutro 06th"]
[Site "Cutro"]
[Date "2000.04.27"]
[Round "1"]
[White "Pegorari, Pietro"]
[Black "Timoscenko, Gennadij A"]
[Result "1/2-1/2"]
[WhiteElo "2366"]
[BlackElo "2519"]
[PlyCount "31"]
[EventDate "2000.04.27"]
[EventType "tourn"]
[EventRounds "9"]
[EventCountry "ITA"]
[EventCategory "9"]
[SourceTitle "CBM 077"]
[Source "ChessBase"]
[SourceDate "2000.07.27"]
[SourceVersion "1"]
[SourceVersionDate "2000.07.27"]
[SourceQuality "1"]

1. c4 c5 2. Nf3 g6 3. g3 Bg7 4. Bg2 Nc6 5. 0-0 e5 6. Nc3 Nge7 7. d3 d6 8. a3 a5 9. Rb1 0-0 10. Ne1 Be6 11. Nc2 d5 12. cxd5 Nxd5 13. Nxd5 Bxd5 14. Bxd5 Qxd5 15. b4 axb4 16. axb4 1/2-1/2

[Event "Cutro 05th"]
[Site "Cutro"]
[Date "1999.04.27"]
[Round "5"]
[White "Pegorari, Pietro"]
[Black "Chatalbashev, Boris"]
[Result "1/2-1/2"]
[WhiteElo "2385"]
[BlackElo "2524"]
[PlyCount "35"]
[EventDate "1999.04.??"]
[EventType "tourn"]
[EventRounds "11"]
[EventCountry "ITA"]
[EventCategory "10"]
[SourceTitle "CBM 071"]
[Source "ChessBase"]
[SourceDate "1999.08.01"]
[SourceVersion "1"]
[SourceVersionDate "1999.08.01"]
[SourceQuality "1"]

1. Nf3 Nf6 2. c4 g6 3. Nc3 c5 4. g3 b6 5. Bg2 Bb7 6. 0-0 Bg7 7. d3 0-0 8. Rb1 d6 9. a3 Nbd7 10. e4 Ne5 11. Ne1 Nc6 12. Nc2 Nd7 13. Bg5 h6 14. Be3 e5 15. Qd2 Kh7 16. f4 exf4 17. gxf4 f5 18. exf5 1/2-1/2

[Event "Cutro 05th"]
[Site "Cutro"]
[Date "1999.04.26"]
[Round "4"]
[White "Skembris, Spyridon"]
[Black "Pegorari, Pietro"]
[Result "1/2-1/2"]
[WhiteElo "2445"]
[BlackElo "2385"]
[PlyCount "33"]
[EventDate "1999.04.??"]
[EventType "tourn"]
[EventRounds "11"]
[EventCountry "ITA"]
[EventCategory "10"]
[SourceTitle "CBM 071"]
[Source "ChessBase"]
[SourceDate "1999.08.01"]
[SourceVersion "1"]
[SourceVersionDate "1999.08.01"]
[SourceQuality "1"]

1. d4 d5 2. c4 c6 3. Nf3 Nf6 4. Nc3 e6 5. e3 Nbd7 6. Qc2 Bd6 7. Bd2 0-0 8. Bd3 dxc4 9. Bxc4 b5 10. Bd3 Bb7 11. e4 e5 12. dxe5 Nxe5 13. Nxe5 Bxe5 14. f4 Bd4 15. e5 Ng4 16. Bxh7+ Kh8 17. 0-0-0 1/2-1/2

[Event "Cutro 05th"]
[Site "Cutro"]
[Date "1999.04.24"]
[Round "2"]
[White "Pegorari, Pietro"]
[Black "Georgiev, Krum"]
[Result "1-0"]
[WhiteElo "2385"]
[BlackElo "2490"]
[PlyCount "61"]
[EventDate "1999.04.??"]
[EventType "tourn"]
[EventRounds "11"]
[EventCountry "ITA"]
[EventCategory "10"]
[SourceTitle "CBM 071"]
[Source "ChessBase"]
[SourceDate "1999.08.01"]
[SourceVersion "1"]
[SourceVersionDate "1999.08.01"]
[SourceQuality "1"]

1. Nf3 g6 2. c4 Bg7 3. Nc3 d6 4. g3 e5 5. Bg2 Nc6 6. d3 f5 7. 0-0 Nh6 8. Bg5 Qd7 9. Nd5 Nf7 10. Bf6 Kf8 11. d4 Bxf6 12. Nxf6 Qd8 13. Nd5 Be6 14. Ne3 Ne7 15. h4 e4 16. Ng5 Nxg5 17. d5 c5 18. hxg5 Bf7 19. Qc1 Qa5 20. f3 exf3 21. Rxf3 Kg7 22. b3 Rhf8 23. Qb2+ Kg8 24. Qf6 Qc7 25. Rf4 Qd7 26. Qc3 Rae8 27. Kf2 Nc8 28. Rh1 Qe7 29. Rxh7 Qxe3+ 30. Qxe3 Rxe3 31. Rfh4 1-0

[Event "Cutro 04th"]
[Site "Cutro"]
[Date "1998.04.28"]
[Round "5"]
[White "Pegorari, Pietro"]
[Black "Cabrilo, Goran"]
[Result "1-0"]
[WhiteElo "2360"]
[BlackElo "2490"]
[PlyCount "53"]
[EventDate "1998.06.??"]
[EventType "tourn"]
[EventRounds "11"]
[EventCountry "ITA"]
[EventCategory "9"]
[SourceTitle "EXT 1999"]
[Source "ChessBase"]
[SourceDate "1998.11.16"]
[SourceVersion "1"]
[SourceVersionDate "1998.11.16"]
[SourceQuality "1"]

1. Nf3 Nf6 2. c4 e6 3. g3 d5 4. Bg2 Be7 5. d4 0-0 6. 0-0 dxc4 7. Qc2 a6 8. a4 Bd7 9. Rd1 Bc6 10. Nc3 Bxf3 11. Bxf3 Nc6 12. Bxc6 bxc6 13. Bg5 Rb8 14. Bxf6 Bxf6 15. Ne4 Rb4 16. e3 Qd5 17. Rac1 Rfb8 18. Nc5 Rxb2 19. Qxc4 Qf5 20. Rf1 a5 21. Nd7 R8b4 22. Qxc6 h5 23. Rc5 Qh3 24. Qa8+ Kh7 25. Qxa5 Kh6 26. Nxf6 gxf6 27. Qxc7 1-0

[Event "Cutro 03rd"]
[Site "Cutro"]
[Date "1997.??.??"]
[Round "?"]
[White "Abatino, Maurizio"]
[Black "Pegorari, Pietro"]
[Result "1/2-1/2"]
[WhiteElo "2290"]
[BlackElo "2360"]
[PlyCount "50"]
[EventDate "1997.??.??"]
[EventType "tourn"]
[EventRounds "9"]
[EventCountry "ITA"]
[SourceTitle "EXT 2000"]
[Source "ChessBase"]
[SourceDate "1999.11.16"]
[SourceVersion "1"]
[SourceVersionDate "1999.11.16"]
[SourceQuality "1"]

1. e4 e5 2. Nf3 Nc6 3. Bb5 a6 4. Ba4 Nf6 5. 0-0 b5 6. Bb3 Bb7 7. c3 Nxe4 8. d4 Na5 9. Bc2 exd4 10. b4 Nc4 11. Bxe4 Bxe4 12. Re1 d5 13. Nxd4 c5 14. bxc5 Bxc5 15. f3 0-0 16. fxe4 dxe4 17. Rxe4 Qd5 18. Qf3 Ne5 19. Qf5 Rae8 20. Nd2 b4 21. Rh4 g6 22. Ne4 Bxd4+ 23. cxd4 Qxd4+ 24. Qf2 Qd1+ 25. Qf1 Qd4+ 1/2-1/2

[Event "Cutro 03rd"]
[Site "Cutro"]
[Date "1997.??.??"]
[Round "?"]
[White "Cabrilo, Goran"]
[Black "Pegorari, Pietro"]
[Result "1/2-1/2"]
[WhiteElo "2475"]
[BlackElo "2360"]
[PlyCount "31"]
[EventDate "1997.??.??"]
[EventType "tourn"]
[EventRounds "9"]
[EventCountry "ITA"]
[SourceTitle "EXT 2000"]
[Source "ChessBase"]
[SourceDate "1999.11.16"]
[SourceVersion "1"]
[SourceVersionDate "1999.11.16"]
[SourceQuality "1"]

1. d4 d5 2. c4 c6 3. Nf3 Nf6 4. Nc3 e6 5. cxd5 exd5 6. Bg5 Be7 7. e3 Nbd7 8. Bd3 Nf8 9. Qc2 Ne6 10. Bxf6 Bxf6 11. 0-0 g6 12. b4 a6 13. a4 0-0 14. Rab1 b5 15. a5 Ng7 16. Ne2 1/2-1/2

[Event "Cutro 03rd"]
[Site "Cutro"]
[Date "1997.??.??"]
[Round "?"]
[White "Efimov, Igor"]
[Black "Pegorari, Pietro"]
[Result "1-0"]
[WhiteElo "2530"]
[BlackElo "2360"]
[PlyCount "83"]
[EventDate "1997.??.??"]
[EventType "tourn"]
[EventRounds "9"]
[EventCountry "ITA"]
[SourceTitle "EXT 2000"]
[Source "ChessBase"]
[SourceDate "1999.11.16"]
[SourceVersion "1"]
[SourceVersionDate "1999.11.16"]
[SourceQuality "1"]

1. Nf3 Nf6 2. c4 c5 3. Nc3 Nc6 4. g3 g6 5. a3 a5 6. d4 Nxd4 7. Nxd4 cxd4 8. Qxd4 Bg7 9. Bg2 0-0 10. 0-0 d6 11. Qh4 Qb6 12. Nb5 d5 13. Be3 Qc6 14. Rac1 Bf5 15. Rfd1 Be4 16. f3 Bf5 17. Nd4 Qd7 18. cxd5 Nxd5 19. Bh6 Bxh6 20. Qxh6 Nf6 21. e4 Be6 22. Nf5 Bxf5 23. Rxd7 Bxd7 24. e5 Nd5 25. Rc4 f5 26. exf6 exf6 27. Rd4 Bc6 28. Bf1 Nb6 29. Rh4 Rf7 30. Qe3 Nd5 31. Qd2 a4 32. Bc4 Rd8 33. Rd4 Rfd7 34. Qa5 Kg7 35. Bb5 Rd6 36. Bxc6 bxc6 37. Qxa4 Nb6 38. Rxd6 Nxa4 39. Rxd8 Nxb2 40. Rc8 Nc4 41. a4 Nb6 42. Rc7+ 1-0